000 00814nam a22001937a 4500
999 _c80700
_d80700
008 201130b ||||| |||| 00| 0 eng d
040 _bger
_cSTAFF
_erda
_aSTAFF
041 _ager
100 _aPröschild, Anna:
245 _aMehr Tote seit Dezember.
_bÜbersterblichkeit: Bestatter in Frankfurt haben aufgrund der Corona-Pandemie mehr zu tun. Anders als das Pflege- und Krankenhauspersonal genießen die Mitarbeiter der Branche keine Impfpriorität /
_cAnna Pröschild
653 _aFrankfurt (Oder)
653 _aPandemie / Covid 19
653 _aBestattungswesen
773 _dFrankfurt (Oder): Märkisches Verlags- und Druckhaus GmbH & Co KG
_g32. Jahrgang (2021) Nr. 34 vom 10.02.2021, S. 17
_tMärkische Oderzeitung
942 _cA